Maisons noble dans Game of Thrones (ASOIAF) : Les îles de Fer - Statistiques

Statistiques générales
  • Ce quiz a été pris 19 fois
  • Le résultat moyen est 5 sur 78
Statistiques - réponses
Type de maison Réponse % Correct
Maison suzeraine Greyjoy
94%
Maison suzeraine Pyk
88%
Maisons de statut inconnu Pyk
88%
Maison suzeraine We do not sow / Nous ne semons pas
41%
Maison suzeraine Une seiche d'or sur champ noir
18%
Maisons vassales Harloi
12%
Maisons de statut inconnu Harloi
12%
Maisons de statut inconnu Harloi
12%
Maisons vassales Bonfrère d'Orkmont
6%
Maisons vassales Dix-tours / Château d'Harloi / Tour des Moires / Grisjardin / Colline Mégère
6%
Maisons de statut inconnu Grand-Wyk
6%
Maisons vassales Merlyn
6%
Maisons de statut inconnu Morru
6%
Maisons vassales Noirmarées
6%
Maisons vassales Noirmarées
6%
Maisons vassales Orkmont
6%
Maisons vassales Orkmont
6%
Maisons éteintes Orkmont
6%
Maisons éteintes Orkmont / Harrenhal
6%
Maisons vassales Salfalaise
6%
Maisons vassales Salfalaise
6%
Maisons vassales Salfalaise
6%
Maisons vassales Timbal
6%
Maisons vassales Une faux blanche sur champ noir
6%
Maisons vassales Un léviathan noir sur une mer grise
6%
Maisons de statut inconnu Aigu
0%
Maisons de statut inconnu Berger
0%
Maisons vassales Bonfrère de Cormartel
0%
Maisons vassales Bonfrère de Shatterstone
0%
Maisons vassales Botley
0%
Maisons éteintes Chenu
0%
Maisons vassales Cormartel
0%
Maisons vassales Coupé au premier d'un boutre noir, devant un soleil couchant rouge sombre sur champ orange, et au second d'une mer noire avec des vagues crêtées
0%
Maisons vassales Deux trombes marines entrecroisées, vertes sur champ blanc
0%
Maisons de statut inconnu Dix nœuds coulants, 4-3-2-1, noirs sur champ blanc, une bordure de sang
0%
Maisons éteintes En sautoir de deux lourdes chaînes d'argent se croisant au centre : Un boutre d'or sur champ noir, un pin vert foncé sur champ blanc, une grappe de raisin rouge sur champ d'or, un corbeau noir volant dans un ciel bleu
0%
Maisons de statut inconnu Forgefer
0%
Maisons éteintes Greyfer
0%
Maisons vassales Holt de fer
0%
Maisons de statut inconnu Humble
0%
Maisons de statut inconnu Kenning
0%
Maisons de statut inconnu La main nuageuse du dieu des Tornades, gris pâle, des éclairs jaunes sortant des doigts, sur champ noir
0%
Maisons de statut inconnu Lasenne
0%
Maisons éteintes La tête du roi des mers, blanche avec une barbe et des cheveux d'algues vert foncé, avec une couronne noire, sur champ gris
0%
Maisons de statut inconnu Les-Arbres-De-Pierre
0%
Maisons vassales Lordsport
0%
Maisons vassales Lumière isoléee
0%
Maisons de statut inconnu Maisonpierre
0%
Maisons de statut inconnu Myrès
0%
Maisons vassales Orquebois
0%
Maisons vassales Pebbleton
0%
Maisons de statut inconnu Pindepierre
0%
Maisons vassales Sealskin Point
0%
Maisons vassales Shatterstone
0%
Maisons de statut inconnu Sparr
0%
Maisons vassales Tawney
0%
Maisons de statut inconnu Though All Men Do Despise Us / En dépit du mépris que nous voue l'univers
0%
Maisons de statut inconnu Tisserand
0%
Maisons de statut inconnu Un arbre-de-pierre nu, gris sur champ noir
0%
Maisons vassales Un banc de poissons argentés sur champ vert pâle
0%
Maisons de statut inconnu Un braséro noir sur champ de brique grises
0%
Maisons vassales Une corne de guerre noire bandée d'or sur champ rouge
0%
Maisons vassales Une lune saignante sur champ violet
0%
Maisons vassales Une main en os, blanche sur champ rouge
0%
Maisons de statut inconnu Une morue d'argent
0%
Maisons vassales Un fléau noir d'orties rouges sur champ blanc
0%
Maisons vassales Un homme noyé, rose et pâle, flottant debout dans une mer bleu-verte, ses cheveux relevés alors que des poissons grignotent ses membres
0%
Maisons de statut inconnu Un sautoir de chêne sur champ bleu
0%
Maisons vassales Un semis de pins vert foncé serrés sur champ jaune
0%
Maisons vassales Un serpent à neuf têtes, noir sur champ d'argent
0%
Maisons vassales Vairé de vert et de noir
0%
Maisons vassales Valleuse
0%
Maisons vassales Vendeloyn de Lumière Isolée
0%
Maisons vassales Vendeloyn de Sealskin Point
0%
Maisons vassales vieux-Wyk
0%
Maisons de statut inconnu Vieux Wyk
0%
Maisons vassales Volmark
0%
Maisons vassales Wynch
0%
Aucun quiz correspondant
Distribution des résultats
% des personnes avec chaque résultat
Percentile par nombre de réponses
Votre historique - résultats
Vous n’avez pas pris ce quiz